Zlúčenie a splynutie kapitálových spoločností
Smernica č. 2005/56/ES, ktorá sa uplatňuje na zlúčenia alebo splynutia kapitálových spoločností. Definícia zlúčenia a splynutia podľa tejto smernice. Kapitálová spoločnosť podľa smernice ES. Kedy sa smernica neuplatňuje. Príprava smernice o cezhraničných fúziách kapitálových spoločností, ktorá rozši...
Salvato in:
| Autore principale: | |
|---|---|
| Natura: | Capitolo di libro |
| Lingua: | slovacco |
| Soggetti: | |
| Tags: |
Nessun Tag, puoi essere il primo ad aggiungerne!!
|
MARC
| LEADER | 00000naa$a2200000$$$4500 | ||
|---|---|---|---|
| 001 | 0080481 | ||
| 005 | 20240502071918.6 | ||
| 041 | 0 | |a slo | |
| 044 | |a SK | ||
| 245 | 1 | 0 | |a Zlúčenie a splynutie kapitálových spoločností |c Peter Fabian |
| 520 | |a Smernica č. 2005/56/ES, ktorá sa uplatňuje na zlúčenia alebo splynutia kapitálových spoločností. Definícia zlúčenia a splynutia podľa tejto smernice. Kapitálová spoločnosť podľa smernice ES. Kedy sa smernica neuplatňuje. Príprava smernice o cezhraničných fúziách kapitálových spoločností, ktorá rozširuje smernicu č. 2005/56/ES. | ||
| 610 | 2 | 0 | |a spoločnosti kapitálové |
| 610 | 2 | 0 | |a fúzie |
| 610 | 2 | 0 | |a Európske spoločenstvá |
| 610 | 2 | 0 | |a Európska únia |
| 610 | 2 | 0 | |a smernice |
| 610 | 2 | 0 | |a spolupráca medzinárodná |
| 100 | 1 | |a Fabian, Peter | |